Harry Potter: Patronuses Quiz Stats

 Plays Quiz Updated May 2, 2018

Support Sporcle.
Go Orange.
Score 0/18 Timer 03:00
1 Play Today
Name Patronus % Correct
Harry PotterStag
95.3%
James PotterStag
92%
Hermione GrangerOtter
81.5%
Severus SnapeDoe
81.2%
Minerva McGonagallCat
81.1%
Lily PotterDoe
80.5%
Dolores UmbridgeCat
75.2%
Albus DumbledorePhoenix
69.4%
Ronald WeasleyJack Russell Terrier
64.3%
Name Patronus % Correct
Luna LovegoodHare
64.1%
Aberforth DumbledoreGoat
63.6%
Nymphadora TonksWolf
55.1%
Kingsley ShackleboltLynx
38.4%
Arthur WeasleyWeasel
38%
Ginny WeasleyHorse
37.6%
Cho ChangSwan
34.9%
Seamus FinniganFox
24.7%
Ernie MacMillanBoar
21.9%

You're not logged in!

Compare scores with friends on all Sporcle quizzes.
OR
Log In
Forgot?

From the Vault

Common Sayings: Missing 'B' Words

by beforever

Taylor Swift knows all about having bad _____.
Remove Ads.
Support Sporcle.
Get the best of Sporcle when you Go Orange. This ad-free experience offers more features, more stats, and more fun while also helping to support Sporcle. Thank you for becoming a member.

Show Comments

Extras

Top Quizzes Today


Score Distribution

Your Account Isn't Verified!

In order to create a playlist on Sporcle, you need to verify the email address you used during registration. Go to your Sporcle Settings to finish the process.

Report this User

Report this user for behavior that violates our Community Guidelines.

Details: